| 000 | 00820nam a22002057a 4500 | ||
|---|---|---|---|
| 003 | OSt | ||
| 005 | 20260317051239.0 | ||
| 008 | 260317b |||||||| |||| 00| 0 eng d | ||
| 020 | _a978-1-338-15915-8 | ||
| 040 |
_aDWCL GS lib _cOC |
||
| 100 | _aGERONIMO STILTON | ||
| 245 |
_aThe Chocolate Chase _cGERONIMO STILTON |
||
| 260 |
_a New York _b Scholastic Inc _c2016. |
||
| 300 |
_avii, 107 pages: _billustrations _c20cm. |
||
| 520 | _aIn The Chocolate Chase (Geronimo Stilton #67), Geronimo investigates the theft of priceless "Mousebergé" eggs during a spring festival, featuring a blend of mystery and confectionery challenges in New Mouse City | ||
| 546 | _aEnglish | ||
| 650 | _2children's adventure and mystery fiction | ||
| 650 | _2The Importance of Honesty and Integrity | ||
| 942 |
_2ddc _cFIC. _hFic. _n0 |
||
| 999 |
_c9219 _d9219 |
||